000 01143naa a2200265 c 4500
001 48836
999 _c48836
_d48836
003 ES-MaCES
005 20170206122006.0
008 170206s2011 sp ||||| t||||||| ||spa d
040 _aES-MaCES
_bspa
_cES-MaCES
_dES-MaCES
100 1 _913786
_aGonzález de Lena, Francisco
245 1 3 _aLa negociación colectiva en la reforma de 2010. Negociación para la adaptabilidad y adaptabilidad del convenio
_cFrancisco González de Lena
500 _aResumen
504 _aBibliografía: p. 134-138
610 1 4 _92998
_aEspaña
_d2010
_tLey de medidas urgentes para la reforma del mercado de trabajo
650 4 _928362
_anegociación colectiva
650 4 _928361
_aconvenio colectivo
650 4 _927165
_aderecho del trabajo
650 4 _927166
_alegislación del trabajo
650 4 _929892
_areforma legislativa
653 1 0 _aDerecho del trabajo y Seguridad Social
773 0 _926863
_b1ª ed
_dLas Rozas (Madrid) La Ley 2011
_o079411
_tLa reforma del mercado de trabajo y la Ley 35/2010
_w(ES-MaCES)23806
_z9788481268577
_gp. 283-338 . - SR-6.0.1.-269
902 _aARL Artículo de libro
942 _2CES
_cAR
_h6.0.1.